000 00474nam a2200157 i 4500
001 49920
003 ES-MaACL
005 20230906162102.0
007 t|
008 030725s1962 sp ||||1| spa d
100 1 _aCremades Marco, Francisco B.
_941485
245 1 0 _aHumor y aventura en latín al alcance de alumnos de III /
_cFrancisco B. Cremades Marco.
260 _a[S.l. :
_bs.n.,
_c1962]
300 _a107 p. :
_bil. ;
_c24 cm.
852 _aES-MaACL
_jC-22439
_bR.50536
999 _c49920
_d49920